| 000 | 00769nam a2200229 i 4500 | ||
|---|---|---|---|
| 001 | bg | ||
| 100 | 1 | _aBazeli, Monika. | |
| 245 | 0 | 0 |
_aBiologiczna analiza osadów ściekowych / _cMonika Bazeli ; Pracownia Biologiczna BIOM. |
| 260 |
_aPiła : _bPracownia Biologiczna BIOM, _c2007. |
||
| 300 |
_a59 s. : _bil. (w tym kolor.) ; _c25 cm. |
||
| 504 | _aBibliogr. s. 53-59. | ||
| 650 | 9 |
_aOsady ściekowe _xbadanie _xmetody |
|
| 020 | _a9788392548409 | ||
| 040 | _cBPK | ||
| 041 | 0 | _apol | |
| 044 | _aPOL | ||
| 080 | _a628.3 | ||
| 920 | _a978-83-925484-0-9 | ||
| 942 | _cKS | ||
| 008 | s pl f |000 0 pol | ||
| 999 |
_c55149 _d55149 |
||
| 856 |
_uhttp://koha.tu.koszalin.pl/cgi-bin/koha/opac-detail.pl?biblionumber=55149 _yKatalog online BPK |
||